| 000 | 00812nam a2200217Ia 4500 | ||
|---|---|---|---|
| 003 | IN-BaIIA | ||
| 008 | 211028s9999 xx 000 0 eng d | ||
| 020 | _a90-277-0180-6 | ||
| 040 | _cIIA Library | ||
| 080 |
_a082.2:52 _bIAU-S42 |
||
| 111 |
_aInternational Astronomical Union Symposium _n42th _cSt. Andrews, Fife, Scotland _d1970 Aug. 11-13 _96693 |
||
| 245 | 0 |
_aWhite dwarfs _bproceedings of IAU symposium no. 42, held at St. Andrews, Fife, Scotland, 11-13 August 1970 _cedited by W. J. Luyten |
|
| 260 |
_aDordrecht _bD. Reidel Publishing _c1971 |
||
| 300 | _aviii, 164p. | ||
| 490 | _aIAU Symposium; no. 42 | ||
| 500 | _aSponsored by the International Astronomical Union | ||
| 650 |
_aWhite dwarfs _96553 |
||
| 700 |
_aLuyten, W. J., ed. _96694 |
||
| 710 | _aInternational Astronomical Union | ||
| 942 | _cBK | ||
| 999 |
_c3764 _d3764 |
||